Water wars : (Record no. 11476)

000 -LEADER
fixed length control field 00964cam a2200265 a 4500
020 ## - INTERNATIONAL STANDARD BOOK NUMBER
ISBN 0027245950
040 ## - CATALOGING SOURCE
Transcribing agency DLC
082 00 - DEWEY DECIMAL CLASSIFICATION NUMBER
Classification number 333 MAX 1993 A015 Or.
100 1# - MAIN ENTRY--AUTHOR NAME
Personal name Cossi, Olga.
245 10 - TITLE STATEMENT
Title Water wars :
Remainder of title the fight to control and conserve nature's most precious resource /
250 ## - EDITION STATEMENT
Edition statement 1st ed.
260 ## - PUBLICATION, DISTRIBUTION, ETC. (IMPRINT)
Place of publication New York :
Name of publisher New Discovery Books ;
Place of publication Toronto :
Name of publisher Maxwell Macmillan Canada ;
Place of publication New York :
Name of publisher Maxwell Macmillan International,
Year of publication c1993.
300 ## - PHYSICAL DESCRIPTION
Number of Pages 127 p. ;
Dimensions 24 cm.
500 ## - GENERAL NOTE
General note "An Earthcare book."
520 ## - SUMMARY, ETC.
Summary, etc Discusses water's sources, uses, and shortages; water quality problems and management programs; and what individuals can do to ensure cleaner water.
650 #0 - SUBJECT ADDED ENTRY--TOPICAL TERM
Topical Term Water-supply
650 #0 - SUBJECT ADDED ENTRY--TOPICAL TERM
Topical Term Water quality
650 #0 - SUBJECT ADDED ENTRY--TOPICAL TERM
Topical Term Water conservation
650 #1 - SUBJECT ADDED ENTRY--TOPICAL TERM
Topical Term Water.
650 #1 - SUBJECT ADDED ENTRY--TOPICAL TERM
Topical Term Water supply.
650 #1 - SUBJECT ADDED ENTRY--TOPICAL TERM
Topical Term Water quality management.
650 #1 - SUBJECT ADDED ENTRY--TOPICAL TERM
Topical Term Water conservation.
650 #1 - SUBJECT ADDED ENTRY--TOPICAL TERM
Topical Term Conservation of natural resources.
942 ## - ADDED ENTRY ELEMENTS (KOHA)
Koha item type សៀវភៅភាសាអង់គ្លេស
952 ## - LOCATION AND ITEM INFORMATION (KOHA)
Withdrawn status [LOCAL, KOHA] 0
952 ## - LOCATION AND ITEM INFORMATION (KOHA)
Withdrawn status [LOCAL, KOHA] 0
952 ## - LOCATION AND ITEM INFORMATION (KOHA)
Withdrawn status [LOCAL, KOHA] 0
Holdings
Permanent Location Date acquired Koha item type Lost status Shelving location Barcode Current Location Full call number
Library Block A2017-08-02សៀវភៅភាសាអង់គ្លេស A015a12710Library Block A333 MAX 1993 A015 Or.
Library Block A2017-08-02សៀវភៅភាសាអង់គ្លេស A015a13302Library Block A333 MAX 1993 A015 Or.
Library Block A2017-08-02សៀវភៅភាសាអង់គ្លេស A078A10598Library Block A333 MAX 1993 A078 Or.
មជ្ឈមណ្ឌលឯការនៃសាកលវិទ្យាល័យភូមិន្ទកសិកម្មចំការដូង

Powered by Koha